01011nam a2200241 a 450000100100000000500170001000800410002702000150006804000250008304100390010808200150014710000360016224501510019826000410034930000330039053400600042350000740048370000320055770000350058904900090062495201190063399900170075200002311320200930022009.0101126s1993 sp a r 000 0 spa d a8486615399 aDO-SdBNPbspacBNPHU17aspaheng2Código de idioma MARC. aNNNbC545c1 aChodron, Thubten,d1950-94758310aCorazón abierto, mente lucída /cThubten Chodron ; prólogo por Su Santidad el XIV Dalai Lama ; traducción del inglés Víctor Márquez. aMadrid, (España) :bDharma,c1993. a248, [4] p. :bil. ;c21 cm. aTítulo original en inglés:tOpen heart, clear mind. aIncluye datos biográficos del autor en solapa de la contracubierta.1 aLama, Dalaiepról.9471211 aMárquez, Víctoretr947584 aBNGR 001054708MOaGRbGRcCTd2010-11-26iLF1l0oNNN C545cp23113-10r2020-06-25w2020-06-25y4ZPréstamo en sala c22610d22610